[Event "Frydek-Mistek U15"]
[Site "Frydek Mistek"]
[Date "2015.04.03"]
[Round "3"]
[White "Kopcova, Ludmila"]
[Black "Brewer, Callum D"]
[Result "0-1"]
[WhiteElo "1687"]
[BlackElo "1915"]
[PlyCount "63"]
[EventDate "2015.04.02"]
[EventType "swiss"]
[EventRounds "8"]
[EventCountry "CZE"]
[SourceTitle "EXT 2016"]
[Source "ChessBase"]
[SourceDate "2015.10.08"]
[SourceVersion "1"]
[SourceVersionDate "2015.10.08"]
[SourceQuality "1"]

1. e4 c6 2. d4 d5 3. exd5 cxd5 4. Bd3 Nc6 5. c3 Qc7 6. h3 Nf6 7. Nf3 g6 8. Bg5 Bg7 9. 0-0 Bf5 10. Bxf5 gxf5 11. Qc1 Ne4 12. Bf4 Qb6 13. Nbd2 Rc8 14. Nb3 a5 15. Be5 Nxe5 16. Nxe5 Bxe5 17. dxe5 Rg8 18. Kh2 Qg6 19. Rg1 Nxf2 20. Qe3 Ne4 21. Rad1 a4 22. Nc1 e6 23. Ne2 Kf8 24. Qb6 Qg7 25. Qxb7 Qxe5+ 26. g3 Rb8 27. Qa6 Nxg3 28. Nxg3 Rxb2+ 29. Kh1 Rxg3 30. Qc8+ Kg7 31. Rxg3+ Qxg3 32. Rg1 0-1

[Event "CZE-ch U14 Girls"]
[Site "Kouty nad Desnou"]
[Date "2015.03.09"]
[Round "3"]
[White "Kopcova, Ludmila"]
[Black "Vitova, Anna"]
[Result "1/2-1/2"]
[WhiteElo "1606"]
[BlackElo "1686"]
[PlyCount "62"]
[EventDate "2015.03.07"]
[EventType "swiss"]
[EventRounds "9"]
[EventCountry "CZE"]
[SourceTitle "EXT 2017"]
[Source "ChessBase"]
[SourceDate "2016.10.25"]
[SourceVersion "1"]
[SourceVersionDate "2016.10.25"]
[SourceQuality "1"]

1. e4 c5 2. Nf3 d6 3. Bb5+ Nc6 4. Bxc6+ bxc6 5. 0-0 Nf6 6. Re1 e5 7. c3 Bg4 8. h3 Bh5 9. d4 cxd4 10. cxd4 Bxf3 11. Qxf3 Be7 12. dxe5 dxe5 13. Bd2 0-0 14. Bc3 Qc7 15. Qg3 Nd7 16. Nd2 f5 17. exf5 Rxf5 18. Qd3 Raf8 19. Nf3 Kh8 20. b4 c5 21. Rad1 Nb6 22. Bxe5 Qb7 23. bxc5 Bxc5 24. Bd6 Rd5 25. Bxf8 Rxd3 26. Rxd3 Bxf8 27. Re8 Kg8 28. Rdd8 Nd7 29. Ne5 Qb1+ 30. Kh2 Qb4 31. Nxd7 Qf4+ 1/2-1/2

[Event "CZE-ch U14 Girls"]
[Site "Kouty nad Desnou"]
[Date "2015.03.07"]
[Round "1"]
[White "Kopcova, Ludmila"]
[Black "Encinas, Michelle Diane"]
[Result "1-0"]
[WhiteElo "1606"]
[BlackElo "1203"]
[PlyCount "77"]
[EventDate "2015.03.07"]
[EventType "swiss"]
[EventRounds "9"]
[EventCountry "CZE"]
[SourceTitle "EXT 2017"]
[Source "ChessBase"]
[SourceDate "2016.10.25"]
[SourceVersion "1"]
[SourceVersionDate "2016.10.25"]
[SourceQuality "1"]

1. e4 e5 2. Nf3 Nc6 3. Bb5 a6 4. Ba4 Bc5 5. c3 Qe7 6. 0-0 d6 7. d4 exd4 8. cxd4 Bb4 9. a3 Ba5 10. b4 Bb6 11. d5 Bd7 12. dxc6 bxc6 13. Bb2 Nf6 14. Nbd2 0-0 15. Qc2 a5 16. Bxc6 Bxc6 17. Qxc6 axb4 18. axb4 Rxa1 19. Rxa1 Qd7 20. Qxd7 Nxd7 21. Nc4 Rb8 22. Nxb6 Rxb6 23. Ra8+ Nb8 24. Bc3 c5 25. bxc5 Rb1+ 26. Ne1 dxc5 27. Kf1 Kf8 28. Be5 c4 29. Rxb8+ Rxb8 30. Bxb8 c3 31. Ke2 Ke7 32. Be5 f6 33. Bxc3 Ke6 34. Kd3 g5 35. Nf3 g4 36. Nd4+ Ke5 37. Nf5+ Kf4 38. Kd4 h5 39. Bd2# 1-0

[Event "CZE-ch U14 Girls"]
[Site "Kouty nad Desnou"]
[Date "2014.03.12"]
[Round "6"]
[White "Kralova, Josefina"]
[Black "Kopcova, Ludmila"]
[Result "0-1"]
[WhiteElo "1551"]
[BlackElo "1618"]
[PlyCount "62"]
[EventDate "2014.03.08"]
[EventType "swiss"]
[EventRounds "9"]
[EventCountry "CZE"]
[SourceTitle "EXT 2015"]
[Source "ChessBase"]
[SourceDate "2014.11.20"]
[SourceVersion "1"]
[SourceVersionDate "2014.11.20"]
[SourceQuality "1"]

1. Nf3 d5 2. g3 Nf6 3. Bg2 Bg4 4. 0-0 Qc8 5. d3 Nc6 6. Nc3 Bh3 7. Bf4 Bxg2 8. Kxg2 a6 9. e4 dxe4 10. dxe4 e6 11. Qe2 Bc5 12. Rad1 0-0 13. Bg5 Nd7 14. e5 h6 15. Bf4 Nb6 16. h4 Rd8 17. g4 Rxd1 18. Rxd1 Qf8 19. g5 h5 20. Qe4 g6 21. Qe2 Be7 22. Ne4 Rd8 23. Nf6+ Kh8 24. Rxd8 Qxd8 25. Qd2 Nc4 26. Qxd8+ Bxd8 27. c3 Nxb2 28. Ne1 Na4 29. Nd3 b5 30. Be3 Be7 31. Nd7 b4 0-1